Loading...
| Literature - British | 0 | 2 | 0 | 1 | 20 | 74 | 92.00 | 0 | 0 | 3.24 | 12.50 |
| Philosophy | 0 | 2 | 0 | 0 | 20 | 51 | 84.50 | 0 | 1 | 7.65 | 26.53 |
| Painting/Sculpture | 0 | 2 | 1 | 0 | 15 | 58 | 82.00 | 0 | 1 | 5.36 | 7.63 |
| History - European | 0 | 3 | 3 | 0 | 15 | 100 | 106.67 | 0 | 0 | 1.22 | 6.33 |
| Literature - World | 0 | 1 | 0 | 0 | 10 | 86 | 86.00 | 0 | 0 | 2.32 | 2.86 |
| Pop Culture | 0 | 1 | 0 | 0 | 10 | 15 | 15.00 | 0 | 1 | 14.33 | 11.90 |
| History - Other | 0 | 1 | 1 | 0 | 5 | 93 | 93.00 | 0 | 0 | 1.04 | 1.14 |
| History - American | 0 | 1 | 1 | 0 | 5 | 83 | 83.00 | 0 | 1 | 2.41 | 5.68 |
| Religion | 0 | 0 | 0 | 0 | 0 | 0.00 | 0 | 0 | 0.00 | 0.00 | |
| Mythology | 0 | 1 | 2 | 0 | 0 | 71 | 71.00 | 0 | 0 | 3.11 | 2.60 |
| Current Events | 0 | 0 | 1 | 0 | -5 | 0.00 | 0 | 0 | 0.00 | 0.00 | |
| History - World | 0 | 0 | 1 | 0 | -5 | 0.00 | 0 | 0 | 0.00 | 0.00 | |
| Science - Chemistry | 0 | 0 | 1 | 0 | -5 | 0.00 | 0 | 0 | 0.00 | 0.00 | |
| Science - Other | 0 | 0 | 1 | 0 | -5 | 0.00 | 0 | 0 | 0.00 | 0.00 | |
| Social Science | 0 | 0 | 2 | 0 | -10 | 0.00 | 0 | 0 | 0.00 | 0.00 | |
| Fine Arts - Classical Music | 0 | 0 | 2 | 0 | -10 | 0.00 | 0 | 0 | 0.00 | 0.00 | |
| Science - Biology | 0 | 0 | 2 | 0 | -10 | 0.00 | 0 | 0 | 0.00 | 0.00 |